000 00834nam a22002177a 4500
999 _c2531
_d2531
003 AR-CdUCM
008 190304b ||||| |||| 00| 0 spa d
020 _a84-7232-170-3
040 _aMUNICIPALIDAD PROVINCIAL DEL CUSCO
_cBIBLIOTECA MUNICIPAL DEL CUSCO
082 _22ed.
_a343.289C /
_bG82
100 _aGros Espiell, Hector
_98974
245 _aLas constituciones de Uruguay /
260 _aMadrid :
_bEdiciones Cultura Hispánica del Centro Iberoamericano de Cooperación,
_c1978.
300 _a539 páginas ;
_c21.5 cm.
505 _aContenido: De la colonización a la independencia -- El periodo hispanico -- La revolución -- La dominación Luso-Brasileña -- La independencia ...
650 _aUruguay
_92511
650 _aConstitucion
_92117
650 _aHistoria politica
_98975
942 _2ddc
_cLIBROS
945 _aafb